Teoría y método modernos del adiestramiento grupal /

Contenido: Teoría y método del estilo del adiestrador: La formación del adiestrador; La búsqueda de estar con otros; El adiestrador natural; Teoría y método de las intervenientes del adiestrador: Orientaciones básicas para los grupos de laboratorio; Adiestramiento para la actividad comunitaria efica...

Full description

Saved in:
Bibliographic Details
Main Author: Dyer, William G. (comp.)
Format: Book
Language:Español
Published: Buenos Aires, Argentina : Guadalupe, 1972, c1972
Series:(Biblioteca Pedagógica Guadalupe)
Subjects:
Tags: Add Tag
No Tags, Be the first to tag this record!

MARC

LEADER 00000nam^a2200000^a^4500
001 000001954
005 20250521000000.0
009 20260310083128.649
037 |a Acervo ITESO - Biblioteca 
041 |a ESP 
082 |a 301. 15  |b DYE 
100 |a Dyer, William G.  |e (comp.) 
245 1 0 |a Teoría y método modernos del adiestramiento grupal /  |c Comp. de W.G. Gyer ; tr. por Noemí Rosenblat. 
264 4 |a Buenos Aires, Argentina :  |b Guadalupe,  |c 1972, c1972 
300 |a 284 p. 
336 |a texto  |b txt  |2 rdacontenido 
337 |a sin mediación  |b n  |2 rdamedio 
338 |a volumen  |b nc  |2 rdasoporte 
440 1 |a (Biblioteca Pedagógica Guadalupe) 
500 |a Traducción de: Modern theory and method in group training 
520 |a Contenido: Teoría y método del estilo del adiestrador: La formación del adiestrador; La búsqueda de estar con otros; El adiestrador natural; Teoría y método de las intervenientes del adiestrador: Orientaciones básicas para los grupos de laboratorio; Adiestramiento para la actividad comunitaria eficaz; El método del incidente crítico y la intervención basada sobre el liderazgo en los grupos de adiestramiento grupal. 
649 |a XX 
650 |a Educación 
910 |a Fondo General 
920 |a Impresos - Libros 
930 |a Colección General 
905 |a 101 
901 |a 0019540100  |b IT1  |c ACC  |i 001954  |u 20250521 
902 |a https://opac.biblio.iteso.mx/vufind/Record/000001954